| 000 | 00622nam a22002057i 4500 | ||
|---|---|---|---|
| 999 |
_c23230 _d23230 |
||
| 003 | AR-CdUCM | ||
| 008 | 250228b20202020cc ||||| |||| 00| 0 spa d | ||
| 020 | _a978-2-89780-992-8 | ||
| 040 |
_aMUNICIPALIDAD PROVINCIAL DEL CUSCO _cBIBLIOTECA MUNICIPAL DEL CUSCO |
||
| 041 | _hspa | ||
| 082 |
_aPI / 803 / A72 _bA72 |
||
| 100 |
_aLeduc, Arianne _951063 |
||
| 245 | _aEl Pollo de Primavera / | ||
| 260 |
_aCanadá : _bViacon International Inc. _c2020 |
||
| 300 |
_a16 páginas. : _c27x20 cm. |
||
| 505 | _aEl pollo de primavera | ||
| 856 | _fwww.pappinternational.com | ||
| 942 |
_2ddc _cLIBROS |
||
| 945 |
_apbjr _d28-02-2025 |
||